Ontología del lenguaje

Збережено в:
Бібліографічні деталі
Автор: Echeverría, Rafael (autor)
Формат: Книга
Мова:Іспанська
Опубліковано: Santiago, Chile: J.C. Sáez, 2003.
Редагування:Sexta edición.
Предмети:
Теги: Додати тег
Немає тегів, Будьте першим, хто поставить тег для цього запису!

MARC

LEADER 00000cam a2200000 a 4500
001 UCK5656
003 CL-VaPUC
005 20250407202430.0
008 050812t20030000cl |||||||||||||||||spa|d
999 |c 314152  |d 314150 
020 |a 978-956-7802-33-3 
040 |c Pontificia Universidad Católica de Valparaíso 
082 0 4 |a 401 ECH 2003  |2 21 
100 0 |a Echeverría, Rafael  |e autor  |9 354 
245 1 0 |a Ontología del lenguaje 
250 |a Sexta edición. 
260 |a Santiago, Chile:  |b J.C. Sáez,  |c 2003. 
300 |a 433 páginas 
500 |a c.10-c.13. Instituto Arcos.08-01-2025. 
583 |a last modification  |c 20170224 05:54:16  |k Rodrigo Vera 
650 0 |9 257082  |a Filosofía del lenguaje 
650 0 |9 265842  |a Antropología filosófica 
650 0 |9 472048  |a Ontología del lenguaje  
942 |c BK  |2 ddc  |n 0 
945 |d 20050812 00:00:00  |a jcarroza 
952 |0 0  |1 0  |4 0  |6 401_000000000000000_ECH_2003  |7 0  |8 A  |9 386105  |a BIBCUR  |b BIBCUR  |d 2019-11-22  |i 4152131  |o 401 ECH 2003  |p 4152131  |r 2025-04-22  |w 2019-11-22  |y BK  |k PER 
952 |0 0  |1 0  |4 0  |6 401_000000000000000_ECH_2003  |7 0  |8 R  |9 386106  |a BIBGIM  |b BIBGIM  |d 2019-11-22  |i 4219848  |l 1  |o 401 ECH 2003  |p 4219848  |r 2025-01-15  |s 2022-10-07  |w 2019-11-22  |y BK_R  |k SSL 
952 |0 0  |1 0  |4 0  |6 401_000000000000000_ECH_2003  |7 0  |8 R  |9 386107  |a BIBGIM  |b BIBGIM  |d 2019-11-22  |i 4219856  |o 401 ECH 2003  |p 4219856  |r 2025-01-15  |w 2019-11-22  |y BK_R  |k SSL 
952 |0 0  |1 0  |4 0  |6 401_000000000000000_ECH_2003  |7 0  |8 R  |9 386108  |a BIBGIM  |b BIBGIM  |d 2019-11-22  |i 4219864  |o 401 ECH 2003  |p 4219864  |r 2025-01-15  |w 2019-11-22  |y BK_R  |k SSL 
952 |0 0  |1 0  |4 0  |6 401_000000000000000_ECH_2003  |7 0  |8 R  |9 386109  |a BIBGIM  |b BIBGIM  |d 2019-11-22  |i 4219872  |o 401 ECH 2003  |p 4219872  |r 2025-01-15  |w 2019-11-22  |y BK_R  |k SSL 
952 |0 0  |1 0  |4 0  |6 401_000000000000000_ECH_2003  |7 0  |8 R  |9 386110  |a BIBEDU  |b BIBEDU  |c MCIRC  |d 2019-11-22  |i 4243242  |o 401 ECH 2003  |p 4243242  |r 2023-01-13  |w 2019-11-22  |y BK_R  |k EBA 
952 |0 0  |1 0  |4 0  |6 401_000000000000000_ECH_2003  |7 0  |8 R  |9 386111  |a BIBEDU  |b BIBEDU  |c MCIRC  |d 2019-11-22  |i 4257820  |o 401 ECH 2003  |p 4257820  |r 2023-01-13  |w 2019-11-22  |y BK_R  |k EBA 
952 |0 0  |1 0  |4 0  |6 401_000000000000000_ECH_2003  |7 0  |8 CCM  |9 386112  |a BIBCUR  |b BIBCUR  |d 2019-11-22  |i 4560396  |o 401 ECH 2003  |p 4560396  |r 2025-04-22  |w 2019-11-22  |y BK  |k CIM 
952 |0 0  |1 0  |3 erb  |4 0  |6 401_000000000000000_ECH_2003  |7 0  |8 R  |9 386113  |a BIBENE  |b BIBENE  |i 5328454  |l 1  |o 401 ECH 2003  |p 5328454  |r 2025-01-15  |s 2022-08-22  |w 2019-11-22  |y BK_R  |z Catalogado en:20170303  |k ICO 
952 |0 0  |1 0  |2 ddc  |4 0  |6 401_000000000000000_ECH_2003  |7 0  |8 A  |9 600516  |a BIBINC  |b BIBINC  |d 2025-03-04  |e Instituto Arcos  |i 5665367  |o 401 ECH 2003  |p 5665367  |r 2025-03-04  |t 10  |w 2025-03-04  |y BK  |k IFP 
952 |0 0  |1 0  |2 ddc  |4 0  |6 401_000000000000000_ECH_2003  |7 0  |8 A  |9 600517  |a BIBINC  |b BIBINC  |d 2025-03-04  |e Instituto Arcos  |i 5665368  |o 401 ECH 2003  |p 5665368  |r 2025-03-04  |t 11  |w 2025-03-04  |y BK  |k IFP 
952 |0 0  |1 0  |2 ddc  |4 0  |6 401_000000000000000_ECH_2003  |7 0  |8 A  |9 600518  |a BIBINC  |b BIBINC  |d 2025-03-04  |e Instituto Arcos  |i 5665386  |o 401 ECH 2003  |p 5665386  |r 2025-03-04  |t 12  |w 2025-03-04  |y BK  |k IFP 
952 |0 0  |1 0  |2 ddc  |4 0  |6 401_000000000000000_ECH_2003  |7 0  |8 A  |9 600519  |a BIBINC  |b BIBINC  |d 2025-03-04  |e Instituto Arcos  |i 5665369  |o 401 ECH 2003  |p 5665369  |r 2025-03-04  |t 13  |w 2025-03-04  |y BK  |k IFP